00420nam a2200145Ia 4500008004100000020002200041082001200063100002200075245007100097250000800168260003400176300001500210600003300225650001600258241115s9999 xx 000 0 und d a978-0-07-070655-2 a510 BUD aBudnick, Frank S. 0aApplied Mathematics for Business Economics and the Social Sciences a4th aNew Delhi:bMcGrew Hillc1993 axxv, 993p. aHumanities & Natural Science aMathematics